Catálogo

Panorama educativo de México : (Registro nro. 64363)

Detalles MARC
000 -LEADER
fixed length control field 01629cam a2200373 i 4500
001 - CONTROL NUMBER
control field 64363
003 - CONTROL NUMBER IDENTIFIER
control field Mx-PuUPA
005 - DATE AND TIME OF LATEST TRANSACTION
control field 20220228120845.0
008 - FIXED-LENGTH DATA ELEMENTS--GENERAL INFORMATION
fixed length control field 160328s2017 mx grs 000 0 spa d
020 ## - INTERNATIONAL STANDARD BOOK NUMBER
Terms of availability en trámite
040 ## - CATALOGING SOURCE
Original cataloging agency Mx-PuUPA
Language of cataloging spa
Description conventions rda
Transcribing agency Mx-PuUPA
Modifying agency Mx-PuUPA
041 0# - LANGUAGE CODE
Language code of text/sound track or separate title spa
245 00 - TITLE STATEMENT
Title Panorama educativo de México :
Remainder of title indicadores del Sistema Educativo Nacional 2016. Educación básica y media superior /
Statement of responsibility, etc. coordinadores, Héctor Virgilio Robles Vásquez y Mónica Gladis Pérez Miranda ; autores, Verónica Medrano Camacho [y otros 15]
250 ## - EDITION STATEMENT
Edition statement Primera edicion
264 #1 - PRODUCTION, PUBLICATION, DISTRIBUTION, MANUFACTURE, AND COPYRIGHT NOTICE
Place of production, publication, distribution, manufacture Ciudad de México :
Name of producer, publisher, distributor, manufacturer Instituto Nacional para la Evaluación de la Educación,
Date of production, publication, distribution, manufacture, or copyright notice 2017
300 ## - PHYSICAL DESCRIPTION
Extent 508 páginas :
Other physical details ilustraciones ;
Dimensions 27 cm
336 ## - CONTENT TYPE
Content type term texto
Content type code txt
Fuente rdacontent
337 ## - MEDIA TYPE
Media type term sin medio
Media type code n
Source rdamedia
337 ## - MEDIA TYPE
Media type term computadora
Media type code c
Source rdamedia
338 ## - CARRIER TYPE
Carrier type term volumen
Carrier type code nc
Source rdacarrier
338 ## - CARRIER TYPE
Carrier type term disco compacto
Carrier type code cd
Source rdacarrier
650 #7 - SUBJECT ADDED ENTRY--TOPICAL TERM
Topical term or geographic name entry element Evaluación educativa
Geographic subdivision México
General subdivision Estadísticas
650 #7 - SUBJECT ADDED ENTRY--TOPICAL TERM
Topical term or geographic name entry element Educación y estado
Geographic subdivision México
650 #7 - SUBJECT ADDED ENTRY--TOPICAL TERM
Topical term or geographic name entry element Educación elemental
Geographic subdivision México
General subdivision Estadísticas
650 #7 - SUBJECT ADDED ENTRY--TOPICAL TERM
Topical term or geographic name entry element Educación media superior
Geographic subdivision México
General subdivision Estadísticas
700 1# - ADDED ENTRY--PERSONAL NAME
Personal name Robles Vásquez, Héctor Virgilio,
Relator term coordinador
9 (RLIN) 11916
700 1# - ADDED ENTRY--PERSONAL NAME
Personal name Pérez Miranda, Mónica Gladis,
Relator term coordinador
700 1# - ADDED ENTRY--PERSONAL NAME
Personal name Medrano Camacho, Verónica,
Relator term autor
830 #0 - SERIES ADDED ENTRY--UNIFORM TITLE
Uniform title Publica social ;
Volume/sequential designation 6.
942 ## - ADDED ENTRY ELEMENTS (KOHA)
Source of classification or shelving scheme Dewey Decimal Classification
Koha item type Libro
Classification part 379.1580972
Item part P187
Existencias
Withdrawn status Lost status Source of classification or shelving scheme Damaged status Not for loan Collection code Home library Current library Shelving location Date acquired Total Checkouts Full call number Barcode Date last seen Price effective from Koha item type
    Dewey Decimal Classification     General Tehuacán Tehuacán Sala general 28/02/2022   379.1580972 P187 2017 968000000745 08/01/2025 28/02/2022 Libro